Start with T, ends with P - Statistics

General Stats
  • This quiz has been taken 27 times
  • The average score is 8 of 15
Answer Stats
Question Answer % Correct
Bulb flower, a massive export from the Netherlands Tulip
96%
Root vegetable Turnip
96%
🎵That's why the lady is a _____ Tramp
88%
Army company? Troop
68%
A 'stand-in' secretary from an agency Temp
60%
Punch Thump
48%
Pony and _____ Trap
44%
Crisps, sweets, chocolate, drinks, all sold at the school... Tuckshop
40%
Found at the bottom of some formal trouser legs Turnup
40%
You may see one of these, when you cry Teardrop
36%
An Aladdins' cave for children, ToysRUs, once being big players Toyshop
32%
Judd, snooker player Trump
32%
The canopy of a tree Treetop
28%
Vernacular for an idiot Twerp
28%
Robin's surname in Man About the House Tripp
20%
No matching quizzes found
Score Distribution
Percent of People with Each Score
Percentile by Number Answered
Your Score History
You have not taken this quiz